000 02353nam a2200373 a 4500
001 ebr10307186
003 CaPaEBR
006 m o u
007 cr cn|||||||||
008 070815s2007 enk sb 001 0 eng d
010 _z 2007408284
020 _z1898683468
020 _z9781898683469
020 _z9781898683780 (e-book)
040 _aCaPaEBR
_cCaPaEBR
035 _a(OCoLC)826660648
050 1 4 _aRJ506.H9
_bP46 2007eb
082 0 4 _a618.92/8589
_222
245 0 0 _aPeople with hyperactivity
_h[electronic resource] :
_bunderstanding and managing their problems /
_cedited by Eric Taylor.
260 _aLondon :
_bMac Keith Press,
_c2007.
300 _axii, 262 p.
440 0 _aClinics in developmental medicine ;
_vno. 171
504 _aIncludes bibliographical references and index.
505 0 _aClinical and epidemiological foundations / Eric Taylor -- Biological foundations / Sarah Curran -- Diagnosis and assessment / Kapil Sayal -- Psychological assessment / Jody Warner-Rogers -- Medical investigations and tests / Angie Stevens and Gillian Baird -- Making a case formulation : differential diagnosis and recognizing comorbidity / Wai Chen -- Education and advice / Maxine Sinclair -- Pharmacotherapy in ADHD / Paramala J. Santosh -- Behavioural and cognitive approaches / Maxine Sinclair -- ADHD and sleep disorders / Paul Gringras, Adam Jaffe and Stephen Sheldon -- Aspects of medical management / Eric Taylor and Peter Hill -- ADHD in preschool children / Margaret Thompson and Edmund Sonuga-Barke -- Hyperactivity disorders in children with mental retardation / Emily Simonoff -- The clinical assessment and treatment of ADHD in adults / Phillip J. Asherson and J.J. Sandra Kooij.
533 _aElectronic reproduction.
_bPalo Alto, Calif. :
_cebrary,
_d2013.
_nAvailable via World Wide Web.
_nAccess may be limited to ebrary affiliated libraries.
650 0 _aAttention-deficit hyperactivity disorder
_xDiagnosis.
650 0 _aAttention-deficit hyperactivity disorder
_xTreatment.
650 0 _aHyperactive children.
650 0 _aAttention-deficit disorder in adults.
655 7 _aElectronic books.
_2local
700 1 _aTaylor, Eric A.
710 2 _aebrary, Inc.
856 4 0 _uhttp://site.ebrary.com/lib/rucke/Doc?id=10307186
_zAn electronic book accessible through the World Wide Web; click to view
999 _c61161
_d61161